También somos ciudadanas /
Estudio interdisciplinar sobre el concepto de ciudadanía y su reformulación, desentrañando contradicciones y ambigüedades que se han ido construyendo en torno al mismo, sobre todo desenmascarando la exclusión de las mujeres en las demandas de justicia y pertenencia a una comunidad. Desde la Teoría f...
Збережено в:
| Автор: | |
|---|---|
| Формат: | Книга |
| Мова: | Іспанська |
| Опубліковано: |
Madrid, España :
Universidad Autónoma de Madrid, Instituto Universitario de Estudios de la Mujer,
2000, c2000
|
| Предмети: | |
| Теги: |
Немає тегів, Будьте першим, хто поставить тег для цього запису!
|
MARC
| LEADER | 00000nam^a2200000^a^4500 | ||
|---|---|---|---|
| 001 | 000560058 | ||
| 005 | 20250521000000.0 | ||
| 009 | 20260310131855.217 | ||
| 020 | |a 84-7477-820-4 | ||
| 037 | |a Acervo ITESO - Biblioteca | ||
| 041 | |a ESP | ||
| 082 | |a 305. 42 |b PER | ||
| 100 | |a Pérez Cantó, Pilar |e (edición) | ||
| 245 | 1 | 0 | |a También somos ciudadanas / |c Ed. y pról. de P. Pérez Cantó. |
| 264 | 4 | |a Madrid, España : |b Universidad Autónoma de Madrid, Instituto Universitario de Estudios de la Mujer, |c 2000, c2000 | |
| 300 | |a XV, 442 p. | ||
| 336 | |a texto |b txt |2 rdacontenido | ||
| 337 | |a sin mediación |b n |2 rdamedio | ||
| 338 | |a volumen |b nc |2 rdasoporte | ||
| 520 | |a Estudio interdisciplinar sobre el concepto de ciudadanía y su reformulación, desentrañando contradicciones y ambigüedades que se han ido construyendo en torno al mismo, sobre todo desenmascarando la exclusión de las mujeres en las demandas de justicia y pertenencia a una comunidad. Desde la Teoría feminista se desarrolla un modelo de ciudadanía que habla de igualdad y solidaridad entre hombres y mujeres, como alternativa a la democracia liberal. Se hace un análisis histórico utilizando el género como instrumento; lo que ha permitido caminar hacia un nuevo lenguaje, rescatando textos casi olvidados y buscando explicaciones a esos olvidos y exclusiones. | ||
| 649 | |a XX | ||
| 650 | |a Mujeres - |x Condiciones Políticas - |x Tema Principal | ||
| 650 | |a Ciudadanía - |x Teoría - |x Tema Principal | ||
| 650 | |a Feminismo - |x Historia | ||
| 650 | |a Género - |x Aspectos Políticos | ||
| 650 | |a Marginación | ||
| 650 | |a Igualdad y Desigualdad | ||
| 650 | |a Magreb - |x Condiciones Políticas | ||
| 650 | |a Magreb - |x Historia | ||
| 650 | |a Sociología Política | ||
| 910 | |a Fondo Castillo-Martínez | ||
| 920 | |a Impresos - Libros | ||
| 930 | |a Fondos Especiales | ||
| 905 | |a 127 | ||
| 901 | |a 0500342318 |b IT2 |c ESP |i D124700 |u 20250521 | ||
| 902 | |a https://opac.biblio.iteso.mx/vufind/Record/000560058 | ||